Aristotle's conception of moral weakness /

Bibliographic Details
Main Author: Walsh, James J. (James Jerome), 1924-
Format: Book
Language:English
Published: New York : Columbia University Press, 1963
Subjects:

MARC

Tag First Indicator Second Indicator Subfields
LEADER 00000cam a2200000 4500
001 in00000072442
005 20151008053419.0
008 720728c19631960nyu b 00110 engm
010 |a  62017695  
035 |a (OCoLC)00368417 
035 |9 AAH7357AM 
040 |a DLC  |c WSU  |d SER  |d m.c.  |d FDA  |d TXA  |d UtOrBLW 
049 |a TXAM  |c 1 [A06077581], 2 [A06077599] 
050 0 0 |a B491.E7  |b W3 
100 1 |a Walsh, James J.  |q (James Jerome),  |d 1924- 
245 1 0 |a Aristotle's conception of moral weakness /  |c James Jerome Walsh. 
264 1 |a New York :  |b Columbia University Press,  |c 1963 
264 4 |c ©1960 
300 |a viii, 199 pages ;  |c 24 cm. 
336 |a text  |b txt  |2 rdacontent 
337 |a unmediated  |b n  |2 rdamedia 
338 |a volume  |b nc  |2 rdacarrier 
500 |a Includes index. 
504 |a Bibliography : pages [189]-192. 
600 0 0 |a Aristotle. 
650 0 |a Ethics  |z Greece. 
999 |a MARS 
999 f f |s 61723af7-f0af-331d-a964-11eff64485ee  |i 1820ed1d-51d6-3aaa-bd64-a91f0452477d  |t 0 
952 f f |p ric  |a Texas A&M University  |b Rellis Campus  |c Joint Library Facility  |s JLF  |d Remote Storage  |t 0  |e B491.E7 W3  |h Library of Congress classification  |i unmediated -- volume  |m A14806077581 
998 f f |a B491.E7 W3  |t 0  |l Remote Storage